[Event "C.to Italiano di Categoria Magistrale"]
[Site "Caorle ITA"]
[Date "1993.07.??"]
[Round "2"]
[White "Rizzati, Aldo"]
[Black "Travasoni, Marco"]
[WhiteElo "1918"]
[BlackElo "2046"]
[Result "1-0"]
[PlyCount "41"]
[EventDate "1993.07.02"]

1. d4 Nf6 2. c4 e6 3. Nf3 Bb4+ 4. Bd2 Qe7 5. Nc3 O-O 6. Qc2 d5 7. e3 Nbd7 8. a3
Bxc3 9. Bxc3 b6 10. cxd5 Nxd5 11. Bd3 N7f6 12. O-O Bb7 13. Bd2 c5 14. e4 Nc7
15. e5 Nfd5 16. Bxh7+ Kh8 17. Be4 Rac8 18. Ng5 g6 19. dxc5 Na6 20. Qd3 Nxc5 21.
Qh3+ 1-0

[Event "C.to Italiano di Categoria Magistrale"]
[Site "Caorle ITA"]
[Date "1993.07.??"]
[Round "5"]
[White "Guerrieri, Lorenzo"]
[Black "Capece, Adolivio"]
[WhiteElo "1933"]
[BlackElo "2205"]
[Result "1-0"]
[PlyCount "69"]
[EventDate "1993.07.02"]

1. e4 c5 2. c3 Nf6 3. e5 Nd5 4. d4 e6 5. Nf3 cxd4 6. cxd4 Nc6 7. a3 d6 8. Bd3
dxe5 9. dxe5 Qc7 10. O-O Bd7 11. Re1 Be7 12. Nbd2 f5 13. exf6 gxf6 14. Ne4 Rg8
15. Bd2 Nf4 16. Bxf4 Qxf4 17. Rc1 Qg4 18. Ng3 h5 19. b4 Rd8 20. b5 Nb8 21. Qe2
h4 22. Rc4 Qg7 23. Nxh4 Bxb5 24. Qxe6 Rxd3 25. Nhf5 Bxc4 26. Nxg7+ Rxg7 27.
Qxc4 Rd7 28. Nf5 Rf7 29. Qc8+ Rd8 30. Qxb7 Nd7 31. Nd6+ Kf8 32. Nxf7 Kxf7 33.
h4 Bc5 34. h5 Kg7 35. Rd1 1-0

[Event "C.to Italiano di Categoria Magistrale"]
[Site "Caorle ITA"]
[Date "1993.07.??"]
[Round "5"]
[White "Mocchi, Tullio"]
[Black "Cappello, Guido"]
[WhiteElo "1969"]
[BlackElo "2285"]
[Result "1-0"]
[PlyCount "83"]
[EventDate "1993.07.02"]

1. d4 d5 2. c4 c6 3. Nf3 Nf6 4. Nc3 dxc4 5. a4 Na6 6. e4 Bg4 7. Bxc4 e6 8. Be3
Bb4 9. Qc2 Qa5 10. Nd2 Bh5 11. f3 Bg6 12. Bd3 Be7 13. Nb3 Qc7 14. Bxa6 bxa6 15.
Qc1 Qb6 16. Nd2 Rb8 17. O-O O-O 18. Nc4 Qb3 19. Ne5 Rfc8 20. Nd1 c5 21. dxc5
Bd6 22. Ra3 Qb7 23. Nd3 Nd7 24. Rc3 Ne5 25. N1f2 Bc7 26. c6 Nxc6 27. Nc5 Qxb2
28. Nxa6 Qb7 29. Nxb8 Bxb8 30. Bf4 e5 31. Qc2 f6 32. Rb1 Qd7 33. Rxc6 Rxc6 34.
Rxb8+ Be8 35. Qa2+ Re6 36. Qd5 Qxd5 37. exd5 Rb6 38. Rxe8+ Kf7 39. Rc8 exf4 40.
Rc7+ Kf8 41. Ne4 f5 42. Ng5 1-0

[Event "C.to Italiano di Categoria Magistrale"]
[Site "Caorle ITA"]
[Date "1993.07.??"]
[Round "5"]
[White "Solinas, Carlo"]
[Black "Lostuzzi, Manlio"]
[WhiteElo "1979"]
[BlackElo "2335"]
[Result "0-1"]
[PlyCount "46"]
[EventDate "1993.07.02"]

1. e4 e5 2. Nf3 Nc6 3. d4 exd4 4. Bc4 Nf6 5. O-O Nxe4 6. Re1 d5 7. Bxd5 Qxd5 8.
Nc3 Qh5 9. Nxe4 Be6 10. Bg5 Bb4 11. c3 dxc3 12. bxc3 Ba5 13. Rb1 O-O 14. Rb5 f6
15. Qa4 fxg5 16. Nexg5 Bg4 17. Qc4+ Kh8 18. Ne5 Nxe5 19. Rbxe5 Bb6 20. R1e4
Bxf2+ 21. Kh1 Bg3 22. h3 Bxe5 23. Rxg4 Rf5 0-1

[Event "C.to Italiano di Categoria Magistrale"]
[Site "Caorle ITA"]
[Date "1993.07.??"]
[Round "5"]
[White "Valenti, Giuseppe"]
[Black "Barlocco, Carlo"]
[WhiteElo "2260"]
[BlackElo "2290"]
[Result "0-1"]
[PlyCount "82"]
[EventDate "1993.07.02"]

1. e4 c5 2. Nf3 Qc7 3. Nc3 Nc6 4. d4 cxd4 5. Nxd4 Nf6 6. Ndb5 Qb8 7. Nd5 Nxd5
8. exd5 a6 9. Nc3 Ne5 10. a4 e6 11. Qd4 b6 12. Bf4 Bd6 13. Bg3 f6 14. dxe6 dxe6
15. O-O-O Be7 16. f4 Nd7 17. Bc4 Nc5 18. b4 Nb7 19. f5 e5 20. Qxb6 Nd6 21. Qc6+
Bd7 22. Bf7+ Kxf7 23. Qxd7 Qxb4 24. Qe6+ Kf8 25. Nd5 Qa3+ 26. Kd2 Ne4+ 27. Ke2
Qd6 28. Qxd6 Nxd6 29. Bf2 Rc8 30. c3 Nxf5 31. Rb1 Nd6 32. Rb6 a5 33. Rhb1 Kf7
34. Kd3 Rhd8 35. Kc2 Nc4 36. Nxe7 Kxe7 37. Rb7+ Ke6 38. Rf1 Rd2+ 39. Kc1 Ra2
40. Kb1 Re2 41. Kc1 Rd8 0-1

[Event "C.to Italiano di Categoria Magistrale"]
[Site "Caorle ITA"]
[Date "1993.07.??"]
[Round "6"]
[White "Genna, Jose' Miguel"]
[Black "Solinas, Carlo"]
[WhiteElo "2054"]
[BlackElo "1979"]
[Result "0-1"]
[PlyCount "84"]
[EventDate "1993.07.02"]

1. e4 e5 2. Nf3 Nc6 3. Bb5 f5 4. Nc3 fxe4 5. Nxe4 d5 6. Nxe5 dxe4 7. Nxc6 Qd5
8. c4 Qd6 9. Nxa7+ Bd7 10. Bxd7+ Qxd7 11. Qh5+ g6 12. Qe5+ Kf7 13. Nb5 c6 14.
Qf4+ Nf6 15. Nc3 Bd6 16. Qe3 Ra5 17. h3 Rf5 18. O-O Rf3 19. gxf3 Qxh3 20. f4
Qf5 21. d3 exd3 22. Bd2 g5 23. Rfe1 gxf4 24. Qf3 Rg8+ 25. Kf1 Ng4 26. Qh1 Nxf2
27. Ne4 Nxe4 28. Rxe4 f3 29. Rae1 f2 30. R4e3 Rg1+ 31. Qxg1 fxg1=Q+ 32. Kxg1
Qg4+ 33. Kf1 Qf4+ 34. Kg1 Qh2+ 35. Kf1 Qh1+ 36. Kf2 Qh4+ 37. Kf3 Qf4+ 38. Kg2
Qh2+ 39. Kf3 Qxd2 40. Ke4 Qc2 41. Rxd3 Qxc4+ 42. Ke3 Bf4+ 0-1